BUBT Library Online Catalog

Law of Torts : (Record no. 6758)

000 -LEADER
fixed length control field 00521nam a22001937a 4500
003 - CONTROL NUMBER IDENTIFIER
control field BUBTL
008 - FIXED-LENGTH DATA ELEMENTS--GENERAL INFORMATION
fixed length control field 221017b ||||| |||| 00| 0 eng d
082 ## - DEWEY DECIMAL CLASSIFICATION NUMBER
Classification number 346.03/ P1922l/ 1997
100 ## - MAIN ENTRY--PERSONAL NAME
9 (RLIN) 4775
Personal name Pande. G. S.
245 ## - TITLE STATEMENT
Title Law of Torts :
Remainder of title G. S. Pande
250 ## - EDITION STATEMENT
Edition statement 1st Edn
260 ## - PUBLICATION, DISTRIBUTION, ETC. (IMPRINT)
Place of publication, distribution, etc. Delhi
Name of publisher, distributor, etc. Allahabad Law Agency
Date of publication, distribution, etc. c1997
300 ## - PHYSICAL DESCRIPTION
Extent [lvii],349p. :
Other physical details 22 cm
650 #0 - SUBJECT ADDED ENTRY--TOPICAL TERM
9 (RLIN) 26
Topical term or geographic name as entry element Law
700 ## - ADDED ENTRY--PERSONAL NAME
9 (RLIN) 4775
Personal name Pande. G. S.
856 ## - ELECTRONIC LOCATION AND ACCESS
Password 0
Logon 0
Link text Download
942 ## - ADDED ENTRY ELEMENTS (KOHA)
Source of classification or shelving scheme
Koha item type Books
Holdings
Withdrawn status Lost status Source of classification or shelving scheme Damaged status Not for loan Collection code Permanent location Current location Shelving location Date acquired Source of acquisition Inventory number Total Checkouts Full call number Barcode Date last seen Date last checked out Copy number Price effective from Koha item type
          Non-fiction Bangladesh University of Business and Technology Library Bangladesh University of Business and Technology Library Law Stacks 01/13/2014 Purchase 16332 4 346.03/ P1922l/ 1997 BUBTL-200316332 12/05/2023 11/28/2023 C-1 10/17/2022 Books
        Not For Loan Non-fiction Bangladesh University of Business and Technology Library Bangladesh University of Business and Technology Library Law Stacks 07/21/2013 Purchase 16333   346.03/ P1922l/ 1997 BUBTL-200316333 10/17/2022   C-2 10/17/2022 Books
          Non-fiction Bangladesh University of Business and Technology Library Bangladesh University of Business and Technology Library Law Stacks 07/21/2013 Purchase 16334 4 346.03/ P1922l/ 1997 BUBTL-200316334 06/03/2024 06/01/2024 C-3 10/17/2022 Books

More Information About Library

Library Hours

  • Open: 9.00 am. to 9.00 pm.
  • Only Sunday: 9.00 am. to 6.00 pm.
  • Closed: Holiday

Contact to the University

Bangladesh University of Business and Technology Library

  • Mirpurl-2, 1216.
  • Phone:
  • Fax:
  • E-Mail: admin.library@bubt.edu.bd

Contact to the Library

Contact Person:

Md. Abdul Hakim Shah
Joint Librarian
PABX No:  113
Cell No: 01816332931
E-mail: official: admin.library@bubt.edu.bd
Personal: hakim.shah@bubt.edu.bd


BUBT Library

Copyright © 2021